| 000 | 00921cai a22001815a 4500 | ||
|---|---|---|---|
| 001 | L140644 | ||
| 008 | 071003u xxk g 000 0 eng d | ||
| 035 | _a(Sirsi) u140644 | ||
| 041 | 0 | _aeng | |
| 110 | 2 |
_aEquality and Human Rights Commission _95366 |
|
| 245 | 0 | 0 |
_aEquality and Human Rights Commission _h[electronic resource] |
| 520 | _aWebsite for this new commission which replaces the three former equality commissions: the Commission for Racial Equality, the Disability Rights Commission and the Equal Opportunities Commission. Includes a section for businesses and organisations, publications and resources (covering disability, gender and race), and news and comment. | ||
| 590 | _aKA | ||
| 651 | 4 |
_aGreat Britain _y1707- |
|
| 690 | _aMANAGEMENT-BUSINESS MANAGEMENT-DISCRIMINATION | ||
| 856 | 4 | 0 |
_uhttps://www.equalityhumanrights.com _zView the website free of charge at www.equalityhumanrights.com... |
| 942 | _n0 | ||
| 999 |
_c120633 _d120633 |
||